00411nam a2200145Ia 450000500170000000800410001702000150005808200130007310000250008624500640011125000160017526000480019130000120023965000140025120250624025736.0240331s9999 xx 000 0 und d a9559102958 a328bUYA aUyangoda.J, Perera.R 0aPrajathanthravadaya Kumakda? Kageda? Ka Sandahada? Kumatada a2nd Revised aColombobSocial Scientist Associationc2010 a35 p ., aDemocracy